banner-ar

LES SCIENCES COGNITIVES: UNE INTRODUCTION / (Record no. 24696)

MARC details
000 -الفاتح
حقل البيانات ثابتة الطول 00513nam a2200193Ia 4500
008 - عناصر البيانات ثابتة الطول - معلومات عامة
حقل البيانات ثابتة الطول 140319s9999 xx 000 0 eng d
040 ## - مصدر الفهرسة
وكالة الفهرسة الأصلية GCL /
وكالة النسخ GCL
082 04 - رقم تصنيف ديوى العشرى
رقم التصنيف 153.4
رقم المادة V S
100 1# - المدخل الرئيسى - إسم شخصى
الإسم الشخصى VIGNAUX, GEORGES
245 10 - بيان العنوان
العنوان LES SCIENCES COGNITIVES: UNE INTRODUCTION /
بيان المسئوليه,etc VIGNAUX, GEORGES
260 ## - PUBLICATION, DISTRIBUTION, ETC. (IMPRINT)
تاريخ النشر أو التوزيع 1994
300 ## - الوصف المادى
التعداد 351 P
650 04 - المدخل الاضافى بالموضوع-مصطلح موضوعى
مصطلح موضوعي ARTIFICIAL INTELLIGENCE
650 04 - المدخل الاضافى بالموضوع-مصطلح موضوعى
مصطلح موضوعي COGNITION
650 04 - المدخل الاضافى بالموضوع-مصطلح موضوعى
مصطلح موضوعي COGNITIVE SCIENCE
650 04 - المدخل الاضافى بالموضوع-مصطلح موضوعى
مصطلح موضوعي INTELLECT
942 ## - عناصر المدخل الإضافي( كوها)
مصدر التصنيف او مخطط الترفيف Dewey Decimal Classification
Koha [default] item type كتاب
260 ## - PUBLICATION, DISTRIBUTION, ETC. (IMPRINT)
-- [S.N] :
-- LA DECOUVERTE ،
Holdings
حالة التراجع حالة الفقد حالة تلف ليس للاعارة المكان المؤقت الموقع الحالى تاريخ الاكتساب اجمالي اﻻعارات رقم الطلب الباركود تاريخ اخر مشاهدة تاريخ تفعيل السعر نوع وعاء كوها
        مكتبة القاهرة الكبرى مكتبة القاهرة الكبرى 03/26/2014   153.4\V S 43758 03/26/2014 03/26/2014 كتاب

Powered By

EGPV